000
00318nam a2200133Ia 4500
008
231129s1989||||xx |||||||||||||| ||spa||
040
_b
spa
082
_a
Co861.35 V152e
100
_a
Valencia Trejos Cesar
245
0
_a
Encuentro de la palabra
260
_c
1989
264
_a
Ediciones Ingrama
942
_2
ddc
_c
BKS
999
_c
13043
_d
13043